Virtuálny obchod (B2C) na príklade MSP zo Slovenska

Salvato in:
Dettagli Bibliografici
Autore principale: Dorčák, Peter, 1979-
Natura: Capitolo di libro
Lingua:slovacco
Tags: Aggiungi Tag
Nessun Tag, puoi essere il primo ad aggiungerne!!

MARC

LEADER 00000naa$a2200000$$$4500
001 0226869
005 20240502073735.1
041 0 |a slo 
044 |a SK 
245 1 0 |a Virtuálny obchod (B2C) na príklade MSP zo Slovenska  |c Peter Dorčák 
100 1 |a Dorčák, Peter, 1979-